000 01678cam a22004574i 4500
003 PE-LiUPU
005 20250731173057.0
008 150623s1997 miu r 000 0 eng d
020 _a0801057906
035 _a(Sirsi) i9780801057908
040 _aPE-LiUPU
_bspa
_cPE-LiUPU
_erda
049 _aPRUA
082 0 4 _a224.1066
_bLL64
_221
100 1 _aLloyd-Jones, David Martyn,
_d1899-1981,
_eautor.
245 1 2 _aA nation under wrath: studies in Isaiah 5 /
_cDavid Martyn Lloyd-Jones.
264 1 _aGrand Rapids, Michigan :
_bBaker Books,
_c1997.
300 _a190 páginas ;
_c22 centímetros
336 _atext
_2rdacontent
337 _aunmediated
_2rdamedia
338 _avolume
_2rdacarrier
505 0 _aThe vineyard -- Materialism -- Pleasure mania -- The cart rope -- Moral perversion -- Humanism -- Sin in High places -- Against law and against God -- The veredict.
526 _aSEG42
526 _aSEG41
526 _aSEG40
526 _aSEG39
526 _aP94
526 _aP87
526 _aP86
526 _aP85
526 _aP77
526 _aP76
526 _aP35
630 0 4 _aBiblia.
_pA.T.
_pIsaías
_xCrítica interpretación, etc.
650 1 4 _aPecado
_xEnseñanza bíblica.
942 _2ddc
_cBOOK
949 _a224.1066 LL64
_wDEWEY
_c1
_i48633
_lCCODEBUL1
_mBUL
_r0
_sY
_tBOOK
_u2015-6-24
_xTEOLOGIA
_PP35
_0COMPRA
_o.STAFF. Colección Teología
994 _aC0
_bPEPRU
596 _a1
999 _a224.1066 LL64
_wDEWEY
_c27803
_i48633
_f2021-11-9
_g5
_lCCODEBUL1
_mBUL
_p20.00
_r0
_sY
_tBOOK
_u2015-6-24
_xTEOLOGIA
_PP35
_0COMPRA
_o.STAFF. Colección Teología
_d27803
980 _81
_gALBERTO SANCHEZ Responsable de Automatización